01715nab a22002657a 4500003000400000005001700004008004100021040000700062100002800069245026200097260007300359300001300432500003700445505051300482505008200995650001801077650002601095650002801121650001701149650002901166650002201195700004801217700003501265773014901300OSt20251219101731.0190429b xxu||||| |||| 00| 0 spa d cPJ aLopez, Cecilia Cristina10aViolencias por motivos de género y dogmática penal. Propuestas para una litigación con mirada interdisciplinaria a partir de un caso de la Defensa Pública de Lomas de Zamora /cCecilia Cristina Lopez, Guillermina Luque Wickham, Luciano Augusto Noli. cCiudad Autónoma de Buenos Aires :aThomson Reuters La Ley, b2025. ap. 21-36 aCita: TR LALEY AR/DOC/1072/2025. aSumario: I. Propósito.— II. Contexto.— III. El caso y los hechos probados.— IV. Conclusiones médico-legales desde un enfoque de género y de derechos humanos.— V. El impacto en el sistema del hecho punible: los planteos de la defensa.— VI. El fallo.— VII. Algunas conclusiones.— VIII. Referencias bibliográficas.tFallo comentado: TCrim. Nro. 9, Lomas de Zamora ~ 05/12/2024 ~ S., J. E. - B., G. A., - R., J. A. s/ tenencia ilegítima de estupefacientes con fines de comercialización. tSi te interesa el texto completo, solicitalo a koha@justierradelfuego.gov.ar  0aDERECHO PENAL 0aVIOLENCIA DE GÉNERO 0aPERSPECTIVA DE GÉNERO 0aCULPABILIDAD 0aPARTICIPACIÓN CRIMINAL 0aPOLITICA CRIMINAL aLuque Wickham, María Guillerminaecoautor aNoli, Luciano Augustoecoautor0 02658tRevista de derecho penal y criminología. Nº 5 - Junio 2025dCiudad Autónoma de Buenos Aires : Thomson Reuters La Ley, 2017-x00347914